书目信息 |
| 书名: | DIGITAL ELECTRONICS :Fundamental Concepts And Applications | |
| 作者: | CHRISTOPHER E.STRANGIO. | |
| 分册号: | ||
| 分册名: | 出版地: | New Jersey : |
|
| 出版社: | PRENTICE-HALL | |
| 出版时间: | c1980. | |
| 页数: | 523 p. ; | |
| 开本: | 24cm. | |
| 丛书名: | ||
| 中图分类号: | ||
| 科图分类号: | ||
| 其他分类号: | TN102 | |
| 主题词: | ||
| 电子资源: | ||
| 000 | 00426nam 2200145 a 4500 | |
| 001 | E0736536164 | |
| 005 | 20070508101227.51 | |
| 008 | 070508s1980 00010 eng | |
| 020 | @a0-13-212100-X. | |
| 040 | @aPFT@beng | |
| 090 | @aTN102 | |
| 099 | @dTN102@ex21 | |
| 245 | 1 | @aDIGITAL ELECTRONICS :Fundamental Concepts And Applications / @cCHRISTOPHER E.STRANGIO. |
| 260 | @aNew Jersey :@bPRENTICE-HALL,@cc1980. | |
| 300 | @a523 p. ;@c24cm. | |
| DIGITAL ELECTRONICS :Fundamental Concepts And Applications / / CHRISTOPHER E.STRANGIO.-New Jersey : : PRENTICE-HALL, , c1980. |
| 523 p. ; ; 24cm. |
| ISBN 0-13-212100-X. |
| ● |
| 相关链接 |
|
|
|
|
正题名:DIGITAL ELECTRONICS :Fundamental Concepts And Applications
索取号:TN102/x21
 
预约/预借
| 序号 | 登录号 | 条形码 | 馆藏地/架位号 | 状态 | 备注 |
| 1 | 73426 | 000635067 | 第二样本阅览室/ [索取号:TN102/x21] | 在馆 |